South Eastern Kenya University

Library Online Public Access Catalogue


Solutions manual physical chemistry / (Record no. 2125)

MARC details
000 -LEADER
fixed length control field 00572nam a22001937a 4500
003 - CONTROL NUMBER IDENTIFIER
control field OSt
005 - DATE AND TIME OF LATEST TRANSACTION
control field 20150529115548.0
008 - FIXED-LENGTH DATA ELEMENTS--GENERAL INFORMATION
fixed length control field 150529b xxu||||| |||| 00| 0 eng d
020 ## - INTERNATIONAL STANDARD BOOK NUMBER
International Standard Book Number 0198551495
040 ## - CATALOGING SOURCE
Original cataloging agency SEKU
050 00 - LIBRARY OF CONGRESS CALL NUMBER
Classification number QD451
Item number .A8
100 10 - MAIN ENTRY--PERSONAL NAME
Personal name Atkins, P. W.
245 10 - TITLE STATEMENT
Title Solutions manual physical chemistry /
Statement of responsibility, etc. P. W. Atkins.
260 ## - PUBLICATION, DISTRIBUTION, ETC. (IMPRINT)
Place of publication, distribution, etc. Oxford :
Name of publisher, distributor, etc. Oxford University Press,
Date of publication, distribution, etc. c1978.
300 ## - PHYSICAL DESCRIPTION
Extent 556 p. :
Other physical details ill.
650 #0 - SUBJECT ADDED ENTRY--TOPICAL TERM
Topical term following geographic name as entry element Chemistry, Physical and theoretical
General subdivision Problems, exercises, etc
650 #0 - SUBJECT ADDED ENTRY--TOPICAL TERM
Topical term following geographic name as entry element Chemistry
General subdivision Physical and theoretical.
942 ## - ADDED ENTRY ELEMENTS (KOHA)
Koha item type General circulation
Source of classification or shelving scheme Library of Congress Classification
Holdings
Withdrawn status Lost status Source of classification or shelving scheme Damaged status Not for loan Home library Current library Date acquired Cost, normal purchase price Total Checkouts Full call number Barcode Date last seen Cost, replacement price Koha item type Public note
    Library of Congress Classification     Main Campus Library Main Campus Library 13/11/2014 225.00   QD 451 .A8 2019/021946 13/11/2014 725.00 General circulation LWG
Kitui, Kenya.
+254736116989
library@seku.ac.ke